[Event "12th Batavia Amsterdam 2020"]
[Site "Amsterdam"]
[Date "2020.02.22"]
[Round "2.5"]
[White "Reinderman, Dimitri"]
[Black "Warakomski, Tomasz"]
[Result "1-0"]
[WhiteElo "2582"]
[BlackElo "2501"]
[Annotator "TA"]
[PlyCount "153"]
[EventDate "2020.02.21"]
[EventType "tourn"]
[EventCountry "NED"]
[SourceTitle "playchess.com"]
[Source "ChessBase"]
[SourceQuality "1"]

{[%evp 12,153,13,0,28,20,32,33,63,55,57,54,47,52,84,-4,22,24,44,33,39,33,75,59,60,60,71,62,60,45,35,41,42,42,32,31,35,31,39,20,53,11,9,5,6,10,35,8,23,0,54,58,60,56,57,63,50,48,108,52,49,43,46,40,81,11,19,11,49,14,8,0,80,94,80,80,80,95,93,93,87,0,0,0,80,80,92,109,221,221,260,268,266,240,264,257,241,237,388,387,456,439,542,544,527,518,514,388,360,378,377,339,394,394,392,395,394,303,330,303,1855,542,543,536,489,504,644,644,815,859,805,649,859,859,3225,1785,863,0,1412,1442,1867,1921,1960,1909]} 1. c4 c6 2. Nf3 d5 3. g3 Nf6 4. Bg2 dxc4 5. O-O Nbd7 6. Qc2 Nb6 7. Na3 Qd5 {A11: English Opening: 1...c6.} 8. b3 {[%cal Ra3c4]} cxb3 9. axb3 Be6 {White is slightly better.} 10. Bb2 $1 {[%mdl 4] is more profitable than 10.Rb1 at the moment.} Qxb3 11. Rfb1 Qxc2 $1 12. Nxc2 Nfd7 {[#]} 13. d3 $146 (13. Bd4 $1 $16 {[%cal Rd4b6]} c5 14. Bc3) ({Predecessor:} 13. Bd4 c5 14. Bc3 Bd5 15. Ne5 Bxg2 16. Kxg2 Nxe5 17. Rxb6 Nc6 18. Rxb7 h5 19. Ne3 {1-0 (51) Dawson,A (2113)-Goodwin,B (1829) ICCF email 2017}) 13... f6 14. Bd4 c5 {[#]} 15. Bxc5 $1 {[%mdl 512]} Nxc5 {[#]} 16. Rxb6 $1 {[%mdl 576] Pin} Bf7 (16... axb6 17. Rxa8+) 17. Nd2 e5 $1 18. Bxb7 Nxb7 19. Rxb7 a5 20. Ra4 Be7 21. Nc4 Bd5 22. Rb5 Bxc4 23. dxc4 Bd8 24. Ne3 Rf8 25. Nf5 {Strongly threatening Rb7.} g6 26. Nd6+ Kd7 27. Ne4 Bc7 28. Ra2 Ke7 29. Rb7 Rfc8 30. Rd2 Rab8 ({Black should try} 30... Ra6 $1 $11) 31. Ra7 $14 Rb6 $1 32. c5 $36 {[%mdl 2048] White is pushing.} Rc6 $1 33. Rd6 $1 {[%cal Rd6c6]} Rxc5 $1 {White must now prevent ...Rc4.} 34. Rda6 Rc1+ 35. Kg2 Rf8 $1 36. Rxa5 Rc6 37. Rb5 Rd8 38. g4 (38. Rc5 $16 Rxc5 39. Nxc5) 38... Rd4 $1 $11 {[%cal Rd4e4]} 39. f3 Kd7 40. Nc5+ Kd6 41. Ne4+ (41. Na6 {feels hotter.} Bb6 42. Rb7 Bd8 43. Rb8 Rxa6 44. Rxd8+ Ke6 45. Re8+) 41... Ke6 (41... Kd7 $1 $11 {remains equal.}) 42. Rc5 $1 $16 {[%cal Rc5c6]} Rxc5 43. Nxc5+ {[%mdl 4096] Endgame KRB-KRN} Kd6 {Hoping for ...Bb6.} 44. Ne4+ Kc6 45. Nxf6 Rd2 46. Kf1 ({Reject} 46. Nxh7 Rxe2+ 47. Kf1 Rxh2 $11) 46... Rd1+ $1 47. Kg2 Rd2 48. Kf2 $1 {White now steadily converts the win.} Bb6+ 49. Ke1 Rd6 (49... Rxe2+ $16 50. Kxe2 Bxa7) 50. Rf7 $18 Ba5+ 51. Kf2 Bb6+ 52. Kg3 Rd2 53. Nxh7 Rxe2 54. Rf6+ Kc7 $2 (54... Kb5 {was called for.} 55. Rxg6 Bf2+ 56. Kh3 Be3) 55. g5 e4 56. fxe4 Re3+ 57. Rf3 Rxe4 58. Nf8 $1 Kd8 {Black hopes to continue with ...Bc7+.} 59. Nxg6 Bc7+ 60. Kh3 Bd6 61. Nh8 Ke8 {If only Black now had time for ...Re2....} 62. Nf7 Bc7 {[#]} 63. Nh6 $1 Rf4 64. Rc3 Bd6 65. Rd3 Kd7 $2 (65... Be7 66. Rd5 Bd8) 66. Ng4 (66. g6 $142 {aiming for g7.} Rf6 67. Nf7 Rxg6 68. Ne5+ {[%mdl 64] Double Attack} (68. Nxd6 Rxd6 69. Re3 Re6 $11) 68... Ke6 {[#]} 69. Rxd6+ $1 {[%mdl 512]} Kxd6 70. Nxg6 Kc7 71. Kg4) 66... Ke6 67. Kh4 Rf8 68. h3 Be7 69. Re3+ Kd6 70. Kh5 Bd8 71. h4 Bb6 72. Re2 Bd4 73. Rd2 Rf4 74. Re2 (74. g6 $142 Ke7 75. Kg5) 74... Rf8 $1 75. g6 {White is clearly winning.} Bg7 76. Kg5 Ra8 77. Ne3 {Accuracy: White = 82%, Black = 59%.} 1-0

[Event "12th Batavia Amsterdam 2020"]
[Site "Amsterdam"]
[Date "2020.02.23"]
[Round "3.1"]
[White "Warakomski, Tomasz"]
[Black "Feuerstack, Aljoscha"]
[Result "1/2-1/2"]
[WhiteElo "2501"]
[BlackElo "2459"]
[Annotator "TA"]
[PlyCount "84"]
[EventDate "2020.02.21"]
[EventType "tourn"]
[EventCountry "NED"]
[SourceTitle "playchess.com"]
[Source "ChessBase"]
[SourceQuality "1"]

{[%evp 13,84,7,24,4,5,-20,-13,-25,-25,-30,-16,-52,-49,-50,-35,-73,-49,-53,-53,-67,-69,-57,-36,-56,-37,-59,-57,-53,-49,-94,-93,-114,-55,-63,-62,-50,-15,-17,-16,-18,-16,-14,-14,-14,-14,-13,-12,-20,-10,-13,0,0,0,0,0,0,0,0,0,0,0,0,0,0,0,0,0,-6,-6,-6,-6,-6,-6]} 1. e4 e5 2. Nf3 Nf6 3. Nxe5 d6 4. Nf3 Nxe4 5. Qe2 Qe7 6. d3 Nf6 7. Bg5 Nbd7 8. c4 {C42: Petroff Defence: 3 Nxe5 and unusual White 3rd moves.} h6 9. Bd2 Nc5 {[#] ...Nxd3+ is the strong threat.} 10. Qxe7+ Bxe7 11. b4 Na4 (11... Ne6 {with more complications.} 12. Nc3 c5 13. bxc5 dxc5 14. Be2 Bd6) 12. Nc3 Nxc3 13. Bxc3 O-O {[#]} 14. O-O-O $146 ({Predecessor:} 14. Be2 Nh5 15. g3 {½-½ (15) Kurajica,B (2510)-Hulak,K (2515) Banja Luka 1983}) 14... Re8 (14... a5 $5 {[%cal Ra5b4]} 15. b5 d5 $15) 15. Re1 Bd7 16. Be2 d5 17. Nd2 d4 18. Bxd4 Bxb4 19. Bf3 Red8 20. Re3 Ng4 21. Bxg4 Bxg4 22. Nb3 Bf5 ({Better is} 22... a5 $17 {Strongly threatening ...a4.} 23. Rg3 h5) 23. Kc2 $15 {[#]} b5 $1 {[%mdl 512]} 24. cxb5 c6 25. bxc6 {The position is equal.} Rac8 26. Kb2 Rxc6 {And now ...Rxd4! would win.} 27. Rc1 Rxc1 28. Kxc1 a5 29. Bc5 Rc8 ({Much weaker is} 29... Rxd3 $6 30. Rxd3 Bxd3 31. Bxb4 $14) 30. d4 a4 31. Kb2 axb3 32. Bxb4 bxa2 33. Kxa2 $11 {[%mdl 4096] Endgame KRB-KRB} Rc2+ 34. Ka3 Rxf2 35. Rf3 Rxf3+ 36. gxf3 {KB-KB} Bh3 37. f4 f6 38. Kb3 Be6+ 39. Kc3 Kf7 40. Kd3 f5 41. Ke3 Bd5 42. Bd6 g6 {Accuracy: White = 85%, Black = 93%.} 1/2-1/2

[Event "12th Batavia Amsterdam 2020"]
[Site "Amsterdam"]
[Date "2020.02.23"]
[Round "3.2"]
[White "Zwirs, Nico"]
[Black "Sukandar, Irine Kharisma"]
[Result "1-0"]
[WhiteElo "2443"]
[BlackElo "2408"]
[Annotator "ChessBase"]
[PlyCount "71"]
[EventDate "2020.02.21"]
[EventType "tourn"]
[EventCountry "NED"]
[SourceTitle "playchess.com"]
[Source "ChessBase"]
[SourceQuality "1"]
[TimeControl "40/5400+30:1800+30"]

1. e4 {[%emt 0:00:00]} c5 {[%emt 0:02:51]} 2. Nf3 {[%emt 0:00:00]} Nc6 {[%emt 0:00:20]} 3. d4 {[%emt 0:00:00]} cxd4 {[%emt 0:00:16]} 4. Nxd4 {[%emt 0:00:00]} g6 {[%emt 0:00:09]} 5. c4 {[%emt 0:00:00]} Nf6 {[%emt 0:00:27]} 6. Nc3 {[%emt 0:00:14]} d6 {[%emt 0:00:17]} 7. f3 {[%emt 0:00:19]} Nxd4 {[%emt 0:03:23]} 8. Qxd4 {[%emt 0:00:07]} Bg7 {[%emt 0:00:06]} 9. Be3 {[%emt 0:00:09]} O-O {[%emt 0:00:18]} 10. Qd2 {[%emt 0:00:32]} Be6 {[%emt 0:01:13]} 11. Rc1 {[%emt 0:01:06]} Qa5 {[%emt 0:00:43]} 12. b3 {[%emt 0:00:35]} Rfc8 {[%emt 0:00:41]} 13. Be2 {[%emt 0:01:08]} Rab8 {[%emt 0:00:12]} 14. Nd5 {[%emt 0:23:38]} Qxd2+ {[%emt 0:00:42]} 15. Kxd2 {[%emt 0:00:18]} Nxd5 {[%emt 0:00:22]} 16. cxd5 {[%emt 0:01:36]} Bd7 {[%emt 0:00:09]} 17. Bxa7 {[%emt 0:06:01]} Rxc1 {[%emt 0:00:21]} 18. Rxc1 {[%emt 0:00:46]} Ra8 {[%emt 0:00:07]} 19. Be3 {[%emt 0:12:21]} Rxa2+ {[%emt 0:00:15]} 20. Kd1 {[%emt 0:12:22]} Ra1 {[%emt 0:03:37]} 21. g4 {[%emt 0:03:00]} f5 {[%emt 0:05:18]} 22. Rxa1 {[%emt 0:03:35]} Bxa1 {[%emt 0:03:12]} 23. exf5 {[%emt 0:00:16]} gxf5 {[%emt 0:00:05]} 24. g5 {[%emt 0:00:48]} Kf7 {[%emt 0:18:17]} 25. h4 {[%emt 0:04:06]} e5 {[%emt 0:06:12]} 26. dxe6+ {[%emt 0:04:26]} Bxe6 {[%emt 0:00:18]} 27. Kc2 {[%emt 0:00:23]} Bd5 {[%emt 0:03:06]} 28. h5 {[%emt 0:04:40]} Be5 {[%emt 0:04:37]} 29. f4 {[%emt 0:02:13]} Bh8 {[%emt 0:00:25]} 30. Bc4 {[%emt 0:01:39]} Ke6 {[%emt 0:01:07]} 31. Kd3 {[%emt 0:01:26]} b5 {[%emt 0:05:13]} 32. Bxd5+ {[%emt 0:02:17]} Kxd5 {[%emt 0:00:02]} 33. Bd2 {[%emt 0:00:17]} Bb2 {[%emt 0:06:49]} 34. Bc3 {[%emt 0:01:33]} Bc1 {[%emt 0:00:44]} 35. g6 {[%emt 0:00:16]} hxg6 {[%emt 0:00:23]} 36. h6 {[%emt 0:00:07]} 1-0

[Event "12th Batavia Amsterdam 2020"]
[Site "Amsterdam"]
[Date "2020.02.23"]
[Round "3.3"]
[White "Admiraal, Miguoel"]
[Black "Van Haastert, Edwin"]
[Result "1/2-1/2"]
[WhiteElo "2501"]
[BlackElo "2438"]
[Annotator "TA"]
[PlyCount "112"]
[EventDate "2020.02.21"]
[EventType "tourn"]
[EventCountry "NED"]
[SourceTitle "playchess.com"]
[Source "ChessBase"]
[SourceQuality "1"]

{[%evp 9,112,7,12,4,13,5,13,-3,24,0,28,35,47,56,62,59,75,0,0,-10,-14,-13,-10,-5,-10,-16,0,0,0,-15,-12,-12,-12,-13,-12,-33,-6,-12,0,0,0,0,0,-6,0,0,0,0,0,0,0,-25,0,0,0,-49,-53,-51,-45,-102,-104,-318,0,0,0,-77,0,0,0,0,0,0,0,0,0,0,0,0,0,0,0,0,0,0,0,0,0,0,0,0,0,0,0,0,0,0,0,0,0,0,0,0,0,0,0]} 1. c4 e5 2. Nc3 Nf6 3. Nf3 Nc6 4. e4 Bb4 5. d3 d6 6. a3 {A28: English Opening: Four Knights Variation.} Bxc3+ (6... Ba5 {is more complex.} 7. Be2 Bg4 8. O-O Bb6 9. Be3 O-O) 7. bxc3 O-O 8. g3 Ne8 9. Nh4 {[#]} Ne7 $146 ({Predecessor:} 9... a6 10. a4 Rb8 11. Bg2 b5 12. axb5 axb5 13. cxb5 Rxb5 14. O-O Bd7 15. Nf5 Bxf5 16. exf5 {1-0 (38) Grigoryan,K (2544)-Georgiev,K (2608) Kragujevac 2016}) 10. Bg2 c6 11. O-O f5 12. exf5 Nxf5 {[#]} 13. Nxf5 (13. Nf3 $1 $16) 13... Bxf5 $11 14. f4 Qd7 15. Ra2 Nf6 16. fxe5 dxe5 17. Bg5 h6 ({Don't blunder} 17... Bxd3 $2 18. Bxf6 Qe6 19. Qxd3 $18) 18. Bxf6 $1 Rxf6 19. d4 Bg4 20. Qd3 Rxf1+ 21. Bxf1 Re8 22. Rf2 e4 23. Qe3 Bf3 24. c5 b6 25. cxb6 axb6 26. Rb2 Qa7 27. c4 c5 28. d5 Qc7 29. Rd2 Qd6 30. Bh3 Kh8 31. Rf2 Qe5 32. Bg2 (32. d6 $5 Qh5 33. d7 $11) 32... Bxg2 33. Kxg2 $15 {[%mdl 4096] Endgame KQR-KQR} Qd4 34. Qe2 {[#]} ({White should play} 34. Qxd4 $1 $15 cxd4 35. Kf1) 34... b5 $1 $17 {[%cal Rb5c4]} 35. cxb5 $2 (35. Qf1 $17 Kg8 36. cxb5) 35... Qxd5 $2 ({Black should try} 35... e3 $19 36. h4 Qxd5+ 37. Kh2 c4) 36. Qe3 $11 c4 37. a4 (37. b6 $1 $11) 37... c3 (37... Qd3 $17 38. Re2 Qd1) 38. Rc2 {The position is equal.} ({But not} 38. Qxc3 $2 e3+ 39. Rf3 e2 $19) 38... Rc8 {And now ...Qd3 would win.} 39. b6 $1 ({Wrong is} 39. Rxc3 $2 Rxc3 40. Qxc3 e3+ 41. Kh3 Qe6+ 42. Kg2 Qe4+ 43. Kg1 Qb1+ 44. Kg2 e2 $19) 39... Qb3 40. Qxe4 Qxb6 41. h4 Qa6 42. h5 Rf8 43. Rf2 Rxf2+ 44. Kxf2 {Black must now prevent Qe8+. KQ-KQ} Qc8 {Threatens to win with ...c2.} 45. Qc2 Qc5+ 46. Ke2 Qxh5+ 47. Kd3 Qf3+ 48. Kc4 Qxg3 {Hoping for ...h5.} 49. Qxc3 Qg4+ 50. Kb5 Qd7+ 51. Qc6 Qd3+ 52. Kb6 Qd4+ 53. Kb7 Qb4+ 54. Qb5 Qe4+ 55. Qc6 Qb4+ 56. Qb5 Qe4+ {Accuracy: White = 82%, Black = 86%.} 1/2-1/2

[Event "12th Batavia Amsterdam 2020"]
[Site "Amsterdam"]
[Date "2020.02.23"]
[Round "3.4"]
[White "Bosboom, Manuel"]
[Black "Reinderman, Dimitri"]
[Result "0-1"]
[WhiteElo "2410"]
[BlackElo "2582"]
[Annotator "TA"]
[PlyCount "70"]
[EventDate "2020.02.21"]
[EventType "tourn"]
[EventCountry "NED"]
[SourceTitle "playchess.com"]
[Source "ChessBase"]
[SourceQuality "1"]

{[%evp 9,70,-33,-17,-47,-40,-47,-51,-59,-46,-50,-41,-59,-54,-127,-128,-247,-237,-239,-243,-256,-249,-283,-279,-375,-289,-380,-371,-377,-369,-379,-379,-418,-416,-490,-500,-500,-502,-545,-550,-555,-500,-555,-539,-634,-637,-982,-985,-977,-983,-1237,-1018,-1008,-1011,-978,-975,-1350,-1349,-29974,-29976,-29993,-29990,-29994,-29995]} 1. c4 g6 2. Nf3 Bg7 3. Nc3 c5 4. h4 Nf6 {[#]} 5. a3 $146 ({Predecessor:} 5. b3 Nc6 6. Bb2 e5 7. g3 d6 8. Bg2 O-O 9. d3 h6 10. Qd2 Be6 11. e4 {0-1 (34) Bacrot,E (2679)-Niemann,H (2465) chess.com INT 2020}) 5... Nc6 6. b4 {A34: Symmetrical English: 2 Nc3, lines with ...d5.} cxb4 7. axb4 Nxb4 8. Qb3 {Black is slightly better.} Nc6 9. Bb2 O-O 10. e3 d6 11. h5 ({White should play} 11. Be2 $15) 11... Nxh5 $17 12. Rxh5 (12. Nd5 $17) 12... gxh5 $19 13. Be2 e5 14. Nd5 b6 15. g3 Ne7 16. d4 e4 17. Nh4 Nxd5 18. cxd5 Bf6 19. Ng2 Bg4 20. Bb5 h4 {[#] Hoping for ...h3.} 21. gxh4 Bf3 22. Nf4 Bxh4 23. Kd2 Bxf2 24. Ba3 Qf6 25. Rf1 Bh4 26. Bc6 Rad8 27. Ne6 fxe6 28. dxe6 Kh8 29. Bxe4 Qg7 {Strongly threatening ...Qg2+.} 30. Rxf3 Qg2+ {[%mdl 64] [#] Double Attack} 31. Kd3 Rxf3 32. Bxf3 Qxf3 33. d5 Bf6 {Black mates.} 34. Kd2 Qf2+ 35. Kd1 Rg8 {White got outplayed after the opening. Accuracy: White = 41%, Black = 93%.} 0-1

[Event "12th Batavia Amsterdam 2020"]
[Site "Amsterdam"]
[Date "2020.02.23"]
[Round "3.5"]
[White "Trent, Lawrence"]
[Black "Nijboer, Friso"]
[Result "1/2-1/2"]
[WhiteElo "2386"]
[BlackElo "2469"]
[Annotator "TA"]
[PlyCount "71"]
[EventDate "2020.02.21"]
[EventType "tourn"]
[EventCountry "NED"]
[SourceTitle "playchess.com"]
[Source "ChessBase"]
[SourceQuality "1"]

{[%evp 9,71,11,7,7,7,7,7,6,7,7,8,0,25,0,17,2,17,10,28,0,-9,-23,-23,-29,2,4,35,0,0,0,-6,0,-3,-22,0,0,23,9,19,4,16,-16,-3,-31,-30,-27,-34,-35,-32,-60,0,-10,-10,-63,0,0,0,0,0,0,0,0,0,0]} 1. d4 Nf6 2. Nc3 d5 3. Bf4 Bf5 4. f3 e6 5. g4 Bg6 6. h4 {[#] Black must now prevent h5. D00: 1 d4 d5: Unusual lines.} h6 7. e3 Nc6 8. Bd3 Bxd3 9. Qxd3 Bd6 10. Nge2 {[#]} Qe7 $146 ({Predecessor:} 10... e5 11. Bg3 exd4 12. exd4 Bxg3+ 13. Nxg3 Qe7+ 14. Nge2 O-O-O 15. O-O-O Rhe8 16. g5 Nh5 {1-0 (36) Lubbe,N-Schatz,F Verden 1999}) 11. O-O-O O-O-O 12. Kb1 Kb8 13. Bxd6 Qxd6 14. Na4 e5 15. Nec3 exd4 16. exd4 Nb4 17. Qd2 Na6 18. Nb5 Qb4 19. Qxb4 (19. Nac3 {keeps more tension.} Ne8 20. Qf4 Ka8 21. Na3 c6 22. Ne2) 19... Nxb4 20. c3 Nc6 21. Nc5 b6 22. Nd3 Rde8 23. Nf4 Nd8 24. g5 Nd7 25. Na3 c6 26. Rhe1 Rxe1 27. Rxe1 hxg5 28. hxg5 Kc7 29. g6 Rh4 (29... Rf8 $1 $15) 30. Nd3 Rh3 31. Kc2 (31. Re3 $11) 31... fxg6 ({Black should play} 31... Rg3 $15) 32. Re7 $11 {[#] Hoping for Ne5.The position is equal.} Kd6 33. Rxg7 Ne6 34. Rxg6 Rxf3 35. Nb1 Rf6 36. Rxf6 {Accuracy: White = 73%, Black = 85%.} 1/2-1/2

[Event "12th Batavia Amsterdam 2020"]
[Site "Amsterdam"]
[Date "2020.02.24"]
[Round "4.1"]
[White "Nijboer, Friso"]
[Black "Admiraal, Miguoel"]
[Result "1-0"]
[WhiteElo "2469"]
[BlackElo "2501"]
[Annotator "TA"]
[PlyCount "151"]
[EventDate "2020.02.21"]
[EventType "tourn"]
[EventCountry "NED"]
[SourceTitle "playchess.com"]
[Source "ChessBase"]
[SourceQuality "1"]

{[%evp 11,151,0,0,0,0,0,0,0,0,-22,-1,-18,-17,-104,-33,-21,-26,-24,22,28,24,35,20,-109,-100,-95,-102,-93,-102,-81,-84,-89,-89,-143,-123,-122,-84,-91,-91,-104,-100,-155,-140,-158,-42,-42,-42,-51,-22,-25,-18,-12,-12,-24,0,0,0,0,0,-2,-4,-3,-3,-4,-5,-2,0,0,0,0,0,0,0,-8,0,0,0,0,0,0,0,-8,0,-8,-8,-926,-879,-702,0,0,0,0,0,0,0,0,0,-1613,-8,-8,0,0,0,0,0,0,0,0,0,0,0,0,0,0,0,0,0,0,0,0,0,0,0,-8,-8,-8,-8,-8,0,0,0,0,1727,1289,29976,29977,29978,29978,29982,29983,29989,29990]} 1. e4 c6 2. d4 d5 3. e5 Bf5 4. h4 h5 5. c4 e6 6. Nc3 Ne7 7. Nge2 {7.Bg5 is vanishing. B12: Caro-Kann: Advance Variation.} Nd7 8. Ng3 Bg6 9. Bg5 {The position is equal.} Qb6 10. Rc1 $1 {[%mdl 4] is currently scoring better than 10.Qd2. Played by Alireza Firouzja in January 2020.} Qxb2 11. Bd3 $1 dxc4 12. Bxc4 (12. Bxg6 $11 Nxg6 13. Nxh5) 12... Nb6 (12... O-O-O $17 13. Qb3 Qxb3 14. Bxb3 f6 15. exf6 gxf6) 13. Bd3 $15 {[#]} Ned5 $146 {[%mdl 2048] Black has some pressure.} ({Predecessor:} 13... Bxd3 14. Qxd3 Qa3 15. O-O Nbd5 16. Nge4 Nf5 17. Rb1 Qa6 18. Qxa6 bxa6 19. Ne2 Be7 20. Bxe7 Ndxe7 {0-1 (38) Soumya,S (2384)-Flom,G (2510) Caleta 2020}) 14. Nxd5 Nxd5 ({Of course not} 14... exd5 $6 15. Bxg6 Bb4+ 16. Kf1 $16) 15. Bxg6 $1 Bb4+ 16. Kf1 fxg6 17. Rh3 (17. Rc2 $11 {remains equal.} Qa3 18. Ne4) 17... Qxa2 $17 18. Ne4 O-O 19. Rb3 Qa5 20. Rcb1 Qb5+ 21. Kg1 a5 22. Nd6 (22. Qc2 $142) 22... Qb6 23. Qd3 Rf5 24. Nxf5 gxf5 25. Qd1 g6 26. Rg3 (26. Bc1 $142) 26... Kf7 27. Bc1 c5 (27... Qa6 $17 28. Rbb3 Rg8) 28. dxc5 $15 Qxc5 29. Bd2 Qd4 (29... Qc7 {with more complications.} 30. Rd3 Qxe5 31. Qa4 Re8 32. Bg5 Qd6) 30. Bxb4 Qxd1+ 31. Rxd1 axb4 $11 {[%mdl 4096] Endgame KRR-KRN} 32. Rb3 b5 33. Rc1 Ra3 34. Rcb1 {Hoping for Rxa3.} Nc3 35. R1b2 Ra1+ 36. Kh2 Nd5 37. Rc2 Re1 38. Rc5 Re4 39. Rxb5 Rxh4+ 40. Rh3 $1 Rxh3+ 41. Kxh3 {KR-KN} g5 42. Ra5 Ke7 43. g3 Kd7 {Threatens to win with ...Kc6.} 44. Rc5 $1 Ke7 45. f3 Kf7 46. Rc8 Ke7 47. Rc4 f4 48. g4 $2 {[%mdl 8192]} (48. Rc8 $11) 48... hxg4+ $19 49. fxg4 {[#]} Kd7 $2 (49... f3 $1 $19 {[%cal Rf3f2]} 50. Rc8 Kd7) 50. Rc5 $11 Ne3 51. Rb5 Nd5 52. Rc5 $1 Ne3 53. Rb5 Nc4 (53... Nc2 $5 54. Rb6 $8 Ke7 $11) 54. Rc5 $2 {[%mdl 8192] [#]} (54. Rxb4 $11 Nxe5 55. Rb7+ Kd6 56. Rg7) 54... Nd2 $2 (54... Na3 $1 $19 {...b3 is the strong threat.} 55. Ra5 Kc6) 55. Rc2 Nf3 56. Rc5 b3 {aiming for ...Nd2.} 57. Rc3 $1 {[%cal Rc3f3]} Nxe5 {And now ...b2 would win.} 58. Rxb3 Ke7 59. Rb8 Kf6 60. Rf8+ Kg7 61. Rb8 Kf7 62. Ra8 Kf6 63. Rf8+ Kg7 64. Re8 Kf7 65. Ra8 Nd3 66. Kg2 e5 67. Ra7+ Ke6 {White must now prevent ...e4.} 68. Ra6+ Kd5 69. Rg6 Kd4 70. Rxg5 Ke3 71. Rf5 {Strongly threatening g5.} Ke2 $2 {[%mdl 8192]} (71... e4 $11) 72. g5 $18 e4 73. g6 {White mates.} f3+ 74. Kg3 e3 75. g7 f2 76. g8=Q {What a fight! Accuracy: White = 84%, Black = 80%.} 1-0

[Event "12th Batavia Amsterdam 2020"]
[Site "Amsterdam"]
[Date "2020.02.24"]
[Round "4.2"]
[White "Zwirs, Nico"]
[Black "Trent, Lawrence"]
[Result "1-0"]
[WhiteElo "2443"]
[BlackElo "2386"]
[Annotator "TA"]
[PlyCount "85"]
[EventDate "2020.02.21"]
[EventType "tourn"]
[EventCountry "NED"]
[SourceTitle "playchess.com"]
[Source "ChessBase"]
[SourceQuality "1"]

{[%evp 10,85,39,27,37,39,46,16,24,31,37,36,45,41,36,22,30,17,37,30,33,8,65,57,55,60,102,98,97,71,70,62,69,63,52,52,64,58,57,44,46,48,80,73,65,80,77,70,52,54,62,0,0,0,0,0,0,0,0,0,88,0,52,43,47,0,172,172,159,128,335,335,563,495,486,508,747,728]} 1. e4 e5 2. Nf3 Nc6 3. Bc4 Nf6 4. d3 h6 5. O-O d6 6. c3 Be7 {6...g5 is becoming the main line. C55: Two Knights: 4 d3, 4 d4 exd4 5 e5 and Max Lange Attack.} 7. a4 O-O 8. a5 a6 {The position is equal.} 9. Re1 Nh7 10. Nbd2 {[%cal Bb1d2,Bd2b3,Bb3c5][%mdl 32]} Ng5 11. d4 Bf6 {[%cal Re5d4] [#]} 12. Nxg5 $146 ({Predecessor:} 12. dxe5 Nxe5 13. Nxe5 Bxe5 14. Nf3 Bg4 15. Be2 Bxf3 16. Bxf3 Nxf3+ 17. Qxf3 Qd7 18. Qd3 {0-1 (51) Jovanovic,Z (2558)-Vitiugov,N (2687) Budva 2009}) 12... Bxg5 13. Nb3 Kh8 14. Bd5 Bxc1 15. Rxc1 Ne7 (15... Qg5 $11) 16. dxe5 $14 dxe5 17. Bc4 Bd7 18. Nc5 Bc6 19. Qxd8 Raxd8 20. Rcd1 Rd6 21. Kf1 Rfd8 22. Ke2 Kg8 23. f3 Kf8 24. Nd3 Ng6 $1 25. g3 Bd7 26. h4 h5 27. Nc5 Bc8 28. Bd5 b6 29. axb6 cxb6 30. Nb7 ({White should play} 30. Nd3 $14) 30... Bxb7 $1 $11 31. Bxb7 Rxd1 32. Rxd1 Rxd1 33. Kxd1 {[%mdl 4096] Endgame KB-KN} a5 34. Kc2 Ke7 {[#]} (34... Ne7 $11) 35. Bd5 (35. Kd3 $1 $16) 35... Nh8 ({Black should try} 35... f6 $11) 36. Kd3 f6 37. Kc4 {Hoping for Kb5.} Kd6 $2 (37... g5 $1 $11) 38. Kb5 $18 Kc7 39. Be6 Kb7 $2 {[#] Black cannot hold the game after this.} (39... g5 $16) 40. c4 g5 $2 (40... Kc7 {was worth a try.} 41. Bg8 Ng6) 41. Bf5 {White is clearly winning.} Nf7 42. c5 Nd8 43. cxb6 {Accuracy: White = 83%, Black = 63%.} 1-0

[Event "12th Batavia Amsterdam 2020"]
[Site "Amsterdam"]
[Date "2020.02.24"]
[Round "4.3"]
[White "Feuerstack, Aljoscha"]
[Black "Bosboom, Manuel"]
[Result "1-0"]
[WhiteElo "2459"]
[BlackElo "2410"]
[Annotator "TA"]
[PlyCount "47"]
[EventDate "2020.02.21"]
[EventType "tourn"]
[EventCountry "NED"]
[SourceTitle "playchess.com"]
[Source "ChessBase"]
[SourceQuality "1"]

{[%evp 9,47,71,77,81,89,89,89,65,120,96,164,102,126,102,136,118,245,249,278,273,274,242,395,395,514,469,825,828,1003,995,1425,1409,1251,970,1448,1394,1714,1660,2152,2079]} 1. e4 c5 2. c3 g6 3. d4 Bg7 4. Nf3 b6 5. Bd3 cxd4 6. cxd4 {B27: Sicilian: 2 Nf3, unusual Black 2nd moves.} Nc6 {[#]} 7. d5 $146 ({Predecessor:} 7. O-O Nxd4 8. Nxd4 Bxd4 9. Bc4 e5 10. Be3 Bb7 11. Bxd4 exd4 12. Qxd4 Qf6 13. Qd2 {1-0 (51) Grischuk,A (2777)-Gareyev,T (2598) Moscow 2019}) 7... Nb4 8. Be2 {White is better.} Bb7 (8... Qc7 $14 9. Na3 Nf6) 9. Nc3 $16 a5 (9... Rc8 $16) 10. e5 (10. O-O $18) 10... Nh6 11. a3 Na6 12. Bf4 $36 {[%mdl 2048] White is really pushing.} Nc5 {Now Black is done in.} (12... f6 $16) 13. b4 $18 axb4 14. axb4 Na6 15. Qd2 Ng8 $2 {[#]} (15... Ng4 16. h3 g5) 16. O-O f6 {and the idea ...fxe5 leaves Black hopeful.} 17. e6 {White is clearly winning.} dxe6 (17... d6 $142 18. Nd4 Nc7 19. Rxa8 Qxa8) 18. Bb5+ Kf8 19. Nd4 Qc8 20. Nxe6+ Kf7 21. Ne4 Nxb4 22. Qxb4 Rxa1 23. Rxa1 Bxd5 24. Nc7 {Accuracy: White = 84%, Black = 23%.} 1-0